000 00661nam a2200229Ia 4500
003 GCL
008 140319s9999 xx 000 0 ara d
040 _aGCL /
_cGCL
082 0 4 _a210.62
_bم ا
100 1 _aمصطفى العدوى
245 1 0 _aاحكام النساء فى سؤال وجواب الطهارة /
_cمصطفى العدوى
260 _a[S.N] :
_bمكتبة الايمان للطبع والنشر والتوزيع
300 _a159 ص
490 _a
650 0 4 _aالمرأة
650 0 4 _aالطهارة
650 0 4 _aالوضوء
650 0 4 _aالغسيل
650 0 4 _aالحيض
650 0 4 _aالتيمم
942 _2ddc
_cBK
999 _c55092
_d55092